Statistiche per Paesi della medaglia olimpica nel pattinaggio artistico

Clicka qui per fare il quiz!

Statistiche generali

  • Questo quiz è stato fatto 62 volte
  • Il punteggio medio è 17 su 23

Statistiche sulle risposte

OroArgentoBronzoCountry% Corretto
002Italia
100%
100Impero Russo
98%
1493Russia
98%
151618Stati Uniti
96%
124Cina
94%
327Francia
94%
779Germania / Germania dell'Ovest / Germania dell'Est
92%
221Giappone
92%
532Svezia
91%
41110Canada
87%
321Norvegia
87%
110Finlandia
81%
794Austria
75%
537Gran Bretagna
72%
120Paesi Bassi
70%
021Svizzera
70%
101Ucraina
68%
101Belgio
66%
110Corea del Sud
66%
024Ungheria
51%
13106Unione Sovietica
32%
113Cecoslovacchia
28%
001Kazakistan
21%

Distribuzione punteggi

Percentile per numero di risposta

Percentuale di utenti per punteggio

I tuoi punteggi nel tempo

Non hai fatto questo quiz